000 00627nam a2200241Ia 4500
003 OSt
005 20221007080515.0
006 a|||||r|||| 00| 0
007 ta
008 221006b |||||||| |||| 00| 0 eng d
024 _a7,227
037 _cTextual
040 _aFLL
_cFLL
_beng
041 _2eng
_aeng
082 _aZ2,94, L5;1
100 _aMonir M.
245 0 _aPrinciples and digest of the law of evidence
250 _a5th
260 _aNew Delhi
_bUniversity Book Agency India
_c1973
300 _axxi,406p
_ccm.
942 _hZ2,94, L5;1
_cTEXL
_2CC
999 _c1159905
_d1159905